India and the contemporary International system : (Record no. 104560)

MARC details
000 -LEADER
fixed length control field 00762nam a22002177a 4500
005 - DATE AND TIME OF LATEST TRANSACTION
control field 20161110113523.0
010 ## - LCCN (DPL NO)
LC control number ENG-116504
020 ## - INTERNATIONAL STANDARD BOOK NUMBER
International Standard Book Number 9789350980385
Terms of availability 1150.00
035 ## - SYSTEM CONTROL NUMBER
System control number EN-100036
037 ## - SOURCE OF ACQUISITION
Source of stock number/acquisition DBAD/PUB
082 ## - DEWEY DECIMAL CLASSIFICATION NUMBER
Classification number 327.54
245 ## - TITLE STATEMENT
Title India and the contemporary International system :
Statement of responsibility, etc edited by Amitabh Mattoo [and] Happymon Jacob
Remainder of title theory, policy and struture /
260 ## - PUBLICATION, DISTRIBUTION, ETC. (IMPRINT)
Place of publication, distribution, etc New Delhi
Name of publisher, distributor, etc Manohar Publisher & Distributors
Date of publication, distribution, etc 2014
270 ## - ADDRESS
Address 4753/23 Ansari Road,Daryaganj
City New Delhi
Postal code 110002
300 ## - PHYSICAL DESCRIPTION
Extent 366p. :
Dimensions 22cm (Hb)
Other physical details ill
490 ## - SERIES STATEMENT
Series statement Australia India Institute Foreign Policy Series 3
500 ## - GENERAL NOTE
General note Includes index
700 ## - ADDED ENTRY--PERSONAL NAME
Personal name Matoo, Amitabh
700 ## - ADDED ENTRY--PERSONAL NAME
Personal name Jacob, Happymon
942 ## - ADDED ENTRY ELEMENTS (KOHA)
Source of classification or shelving scheme Dewey Decimal Classification
Item type English Books
Classification part 327.54
Call number suffix IND
Holdings
Withdrawn status Lost status Not for loan Collection code Home library Current library Date acquired Source of acquisition Cost, normal purchase price Full call number Barcode Copy number Cost, replacement price Koha item type
    Not For Loan Non-fiction D.B.Act.Division Bawana 10/11/2016 DBAD/PUB 1150.00 327.54 IND EN-100036 1 1150.00 English Books

© Delhi Public Library
Hit Counter
free hit counter